| 000 | 01781nam a2200397 c 4500 | ||
|---|---|---|---|
| 003 | BLK | ||
| 005 | 20250712091635.0 | ||
| 008 | 180413b bul|||||r ||||||| ||bul|| | ||
| 010 | _aKNG00027581000 | ||
| 020 |
_a954-90420-1-4 _bиздат.: ДСБ |
||
| 040 | _aBLK | ||
| 041 |
_aBUL _cBUL |
||
| 080 |
_aШивашка промишленост. Козметика _b687 _x.02(035) _z687.02(035) |
||
| 080 |
_aШиене и плетене в домашни условия _b646.2 _x(035) _z646.2(035) |
||
| 700 | 1 |
_aГаврилова-Димова, Камелия _eпрев. от нем. _9267991 |
|
| 700 | 1 |
_aМирчева, Иванка _eпрев. от нем. _9267992 |
|
| 139 |
_aШиенето лесно и приятно. Burda K 622 _bШ 62 |
||
| 245 | 1 | 0 |
_aШиенето лесно и приятно. Burda K 622 _bШиенето от А до Я : Проф. съвети с 950 скици за перфектна форма _cпрев. от нем. Камелия Гаврилова-Димова; прев. от нем. Иванка Мирчева. |
| 257 | _aDEU | ||
| 260 |
_аСофия _bДСБ _c1999 _fСофия : Образование и наука |
||
| 300 |
_a223 с. _bс ил., черт. _c25 см |
||
| 380 | _a62 | ||
| 490 | 1 | _aМоето любимо хоби | |
| 500 | _aОриг. загл. Nahen leicht gemacht. - Азб. показалец. | ||
| 650 | 4 |
_aШивачество _9177827 |
|
| 650 | 4 |
_aШиене - у дома _9177829 |
|
| 653 | _aшиене | ||
| 653 | _aхоби | ||
| 653 | _aнаръчници | ||
| 852 | _aЦб 200674 | ||
| 856 | 4 |
_qpdf _u |
|
| 856 | 4 |
_qpdf _u |
|
| 942 |
_cKNG _n0 _013 |
||
| 944 |
_aCR _c15.01.2003 _lРенета Константинова _k30546 |
||
| 944 |
_aED _c25.04.2014 _lф / _k |
||
| 999 |
_c25049 _d25049 |
||